|
|
|
|
| LEADER |
00000cam a22000004a 4500 |
| 001 |
musev2_97508 |
| 003 |
MdBmJHUP |
| 005 |
20230905053239.0 |
| 006 |
m o d |
| 007 |
cr||||||||nn|n |
| 008 |
220302t20222022sa o 00 0 eng d |
| 020 |
|
|
|a 9781776147410
|
| 020 |
|
|
|z 9781776147397
|
| 035 |
|
|
|a (OCoLC)1300726843
|
| 040 |
|
|
|a MdBmJHUP
|c MdBmJHUP
|
| 100 |
1 |
|
|a Gastrow, Vanya,
|e author.
|
| 245 |
1 |
0 |
|a Citizen and Pariah :
|b Somali Traders and the Regulation of Difference in South Africa /
|c Vamya Gastrow.
|
| 264 |
|
1 |
|a Johannesburg :
|b Wits University Press,
|c 2022.
|
| 264 |
|
3 |
|a Baltimore, Md. :
|b Project MUSE,
|c 2022
|
| 264 |
|
4 |
|c ©2022.
|
| 300 |
|
|
|a 1 online resource (252 pages).
|
| 336 |
|
|
|a text
|b txt
|2 rdacontent
|
| 337 |
|
|
|a computer
|b c
|2 rdamedia
|
| 338 |
|
|
|a online resource
|b cr
|2 rdacarrier
|
| 505 |
0 |
|
|a Cover -- Half-title -- Title -- Copyright -- Dedication -- Contents -- List of Illustrations -- Preface -- Acknowledgements -- Part I: Arrival and Reception -- 1. Introduction: Law, Justice and the Pariah -- 2. Getting Started: A Tale of Three Cities -- 3. The Unwelcome Guest: Flight and Arrival in South Africa -- 4. Crime and the Fluid Migrant -- 5. A Window on Statistics Opens Up -- 6. Fortress South Africa: Informal Justice and Control -- 7. Elusive Justice and Xenophobic Crime -- 8. An Ordinary Crime: The Politics of Denial -- Part II: Regulation and Containment
|
| 505 |
0 |
|
|a 9. The Masiphumelele Shop Threat, 2006 -- 10. In the Shadow of Masiphumelele -- 11. The Shifting Problem and Changing Narratives -- 12. Infestation and Backlash: The Soweto Cleansing of 2018 -- 13. When Reasoning Rings Hollow -- 14. The Problem as Legitimacy -- 15. Regulating Trade: Informality and Segregation by Agreement -- 16. When Agreements Fall Apart -- 17. Legal Imaginaries: Trading without a Licence -- 18. Turning to Formality, 2012 -- 19. Formalising Exclusion as the African Way -- Part III: The Politics of Pariahdom -- 20. Pariahdom and Bare Life -- 21. Pariah Justice -- Notes
|
| 520 |
|
|
|a Citizen and Pariah explores the fragility of law, pluralism and democracy in South Africa by investigating Somali informal shopkeepers' experiences of crime, justice and regulation in the country. Through a narrative account of their local experiences, the book sheds light on the legal and political predicaments they face.
|
| 588 |
|
|
|a Description based on print version record.
|
| 650 |
|
7 |
|a Stores, Retail.
|2 fast
|0 (OCoLC)fst01134043
|
| 650 |
|
6 |
|a Magasins
|z Afrique du Sud.
|
| 650 |
|
0 |
|a Stores, Retail
|z South Africa.
|
| 650 |
|
0 |
|a Somalis
|z South Africa
|x Economic conditions.
|
| 651 |
|
7 |
|a South Africa.
|2 fast
|0 (OCoLC)fst01204616
|
| 655 |
|
7 |
|a Electronic books.
|2 local
|
| 710 |
2 |
|
|a Project Muse.
|e distributor
|
| 830 |
|
0 |
|a Book collections on Project MUSE.
|
| 856 |
4 |
0 |
|z Texto completo
|u https://projectmuse.uam.elogim.com/book/97508/
|
| 945 |
|
|
|a Project MUSE - Custom Collection
|
| 945 |
|
|
|a Project MUSE - 2022 African Studies
|
| 945 |
|
|
|a Project MUSE - 2022 Political Science and Policy Studies
|
| 945 |
|
|
|a Project MUSE - 2022 Complete
|